| 000 | 00892nam a2200313 a 4500 | ||
|---|---|---|---|
| 003 | AR-BaBNM | ||
| 005 | 20251128204054.0 | ||
| 008 | 082120s2002 ||||||||||||||000 | spa|| | ||
| 020 | _a950-25-0674-X | ||
| 040 | _cAR-BaBNM | ||
| 100 | 1 | _aAlberdi, Juan Bautista | |
| 245 | 0 | 0 |
_aPeregrinación de luz del día _bo viaje y aventuras de la verdad en el Nuevo Mundo |
| 260 |
_aBuenos Aires _bCentro Editor de América Latina _c1983 |
||
| 300 | _a220 p. | ||
| 490 | 0 |
_aCapítulo. Las nuevas propuestas _vv. 202 |
|
| 650 | 4 | _aLITERATURA ARGENTINA | |
| 650 | 4 | _aNOVELAS | |
| 650 | 4 | _aGENERACION DE 1837 | |
| 650 | 4 | _aSALON LITERARIO | |
| 650 | 4 | _aROMANTICISMO | |
| 650 | 4 | _aHISTORIA POLITICA | |
| 650 | 4 | _aSIGLO DIECINUEVE | |
| 650 | 4 | _aPOLITICA NACIONAL | |
| 651 | 4 | _aArgentina | |
| 655 | _aLITERATURA | ||
| 800 | 1 |
_aZanetti, Susana _edirector |
|
| 942 | _cBK | ||
| 998 | _cGrace | ||
| 999 |
_c6050 _d6050 |
||